000 00549nam a22001817a 4500
005 20251108172717.0
008 250721s1996 xx 000 0 ara d
082 1 4 _a613/جاك
100 1 _aجاكسوبسون، هيلين
_eمؤلف
245 1 0 _aحافظ على شبابك مع تقدمك في السن /
264 1 _aبيروت :
_bالدار العربية للعلوم،
_c1996.
300 _a265ص
650 1 7 _aالصحة العامة
650 1 7 _aالشيخوخة
650 1 7 _aالتغذية
942 _2ddc
_cBK
999 _c86542
_d86542